LEADER 01837nam 2200457I 450 001 9910711549403321 005 20181107152208.0 035 $a(CKB)5470000002484558 035 $a(OCoLC)1061560840 035 $a(EXLCZ)995470000002484558 100 $a20181107d1958 ua 0 101 0 $aeng 135 $aur||||||||||| 181 $ctxt$2rdacontent 182 $cc$2rdamedia 183 $acr$2rdacarrier 200 10$aAutomation and employment opportunities for officeworkers $ea report on the effect of electronic computers on employment of clerical workers with a special report on programmers /$fin cooperation with Veterans Administration 210 1$aWashington, D.C. :$cUnited States Department of Labor, Bureau of Labor Statistics,$d1958. 215 $a1 online resource (vi, 14 pages) $cillustrations 225 1 $aBulletin ;$vno. 1241 300 $a"October 1958." 300 $a"Occupational Outlook Series"--Cover. 300 $a"This bulletin was prepared by William Paschell and Daniel P. Willis, Jr."--Page iii. 517 $aAutomation and employment opportunities for officeworkers 606 $aClerical occupations$zUnited States 606 $aElectronic data processing 606 $aComputer programming$xVocational guidance$zUnited States 606 $aJob descriptions 615 0$aClerical occupations 615 0$aElectronic data processing. 615 0$aComputer programming$xVocational guidance 615 0$aJob descriptions. 700 $aPaschell$b William$01422601 712 02$aUnited States.$bVeterans Administration. 712 02$aUnited States.$bBureau of Labor Statistics, 801 0$bGPO 801 1$bGPO 906 $aBOOK 912 $a9910711549403321 996 $aAutomation and employment opportunities for officeworkers$93547410 997 $aUNINA LEADER 01077cam--2200361---450- 001 990005847490203316 005 20130624153422.0 035 $a000584749 035 $aUSA01000584749 035 $a(ALEPH)000584749USA01 035 $a000584749 100 $a20130523d1919----km-y0itay50------ba 101 0 $aita 102 $aIT 105 $a||||||||001yy 200 1 $a<<'O>> suldato 'e Gaeta$econ prefazione e note$fFerdinando Russo 210 $aNapoli$cGiannini$d1919 215 $a90 p.$d19 cm 606 0 $aSoldati$yGaeta$2BNCF 676 $a851.9 700 1$aRUSSO,$bFerdinando$f<1866-1927>$0153501 801 0$aIT$bsalbc$gISBD 912 $a990005847490203316 951 $aXV.2.A. 1184$b2688 F.C.$cXV.2.A.$d00292540 959 $aBK 969 $aCUOMO 979 $aPALERMO$b90$c20130523$lUSA01$h1159 979 $aPALERMO$b90$c20130523$lUSA01$h1200 979 $aCHIARA$b90$c20130524$lUSA01$h1143 979 $aCHIARA$b90$c20130524$lUSA01$h1144 979 $aPALERMO$b90$c20130624$lUSA01$h1534 996 $aSuldato 'e Gaeta$91086857 997 $aUNISA